000 00724nam a2200193 i 4500
001 96138
003 ES-MaACL
005 20230906181843.0
007 t|
008 050610s1924 sp ||||1| spa d
100 1 _aMadariaga, Salvador de,
_d1886-1978
_975292
245 1 0 _aSemblanzas literarias contemporáneas
_b: Galdós, Ayala, Unamuno, Baroja, Valle-Inclán, Azorín, Miró /
_cSalvador de Madariaga.
260 _aMadrid :
_bCervantes,
_c1924 (
_fArtes de la Ilustración)
300 _a235 p. ;
_c20 cm.
650 4 _aLiteratura española-
_yS.XIX-
_xHistoria y crítica.
_914568
650 4 _aLiteratura española-
_yS.XX-
_xHistoria y crítica.
_9141686
852 _aES-MaACL
_jA-1711
999 _c96138
_d96138